| 000 | 00426nam a2200157 a 4500 | ||
|---|---|---|---|
| 005 | 20140414132105.0 | ||
| 008 | 100823s19uu xx 00 eng d | ||
| 050 |
_aM 299.21 _bAm512 1999 |
||
| 100 | _aAmery, Heather | ||
| 245 | _aUsborne Greek myths for young children. | ||
| 260 |
_aNew York : _bScholastic Inc, _c1999. |
||
| 300 | _a128 | ||
| 440 | _aThe legendary past | ||
| 650 |
_aMythology- _xGreek. |
||
| 999 |
_c114567 _d114567 |
||